Premier Ministre de la 5e République Française (Photo) - Statistiques

Statistiques générales
  • Ce quiz a été pris 58 fois
    24 depuis la dernière actualisation
  • Le résultat moyen est 21 sur 29
Statistiques - réponses
Par images Hint Réponse % Correct
2022 - 2024 Élisabeth Borne
100%
2024 Gabriel Attal
100%
2024 - 2025 François Bayrou
95%
1986 - 1988 Jacques Chirac II
95%
2020 - 2022 Jean Castex
95%
2017 - 2020 Édouard Philippe
90%
1974 - 1976 Jacques Chirac
90%
1997 - 2002 Lionel Jospin
90%
2024 Michel Barnier
90%
2025 Sébastien Lecornu
90%
2005 - 2007 Dominique de Villepin
86%
1962 - 1966 Georges Pompidou
86%
2007 - 2012 François Fillon
81%
2014 - 2016 Manuel Valls
81%
2016 - 2017 Bernard Cazeneuve
71%
1991 - 1992 Édith Cresson
71%
1993 - 1995 Édouard Balladur
71%
1959 - 1962 Michel Debré
71%
1995 - 1997 Alain Juppé
62%
1969 - 1972 Jacques Chaban-Delmas
57%
1988 - 1991 Michel Rocard
57%
1992 - 1993 Pierre Bérégovoy
57%
2012 - 2014 Jean-Marc Ayrault
52%
2002 - 2005 Jean-Pierre Raffarin
52%
1984 - 1986 Laurent Fabius
52%
1981 - 1984 Pierre Mauroy
52%
1976 - 1981 Raymond Barre
52%
1972 - 1974 Pierre Messmer
48%
1966 - 1969 Maurice Couve de Murville
43%
Aucun quiz correspondant
Distribution des résultats
% des personnes avec chaque résultat
Percentile par nombre de réponses
Votre historique - résultats
Vous n’avez pas pris ce quiz depuis la dernière actualisation